Statistiques concernant Devinez le Département Mystère #24

Cliquez ici pour prendre le quiz!

Statistiques générales

  • Ce quiz a été pris 168 fois
  • Le résultat moyen est 27 sur 35

Statistiques - réponses

Type de RéponseRéponse% Correct
Lettre TrouvéeR
100%
Lettre TrouvéeE
99%
Lettre TrouvéeN
99%
Lettre TrouvéeO
98%
Lettre de l'AlphabetS
98%
Lettre de l'AlphabetA
97%
Lettre de l'AlphabetI
97%
Lettre de l'AlphabetL
95%
Lettre de l'AlphabetT
94%
Lettre de l'AlphabetU
94%
Lettre de l'AlphabetV
93%
Lettre TrouvéeD
92%
Lettre de l'AlphabetH
91%
Lettre de l'AlphabetM
91%
Lettre de l'AlphabetC
88%
Lettre de l'AlphabetY
84%
Lettre TrouvéeG
81%
Lettre de l'AlphabetB
78%
Lettre de l'AlphabetP
78%
Lettre de l'AlphabetF
75%
Lettre Bien PlacéeE
70%
Lettre de l'AlphabetZ
69%
Lettre de l'AlphabetQ
66%
Lettre de l'AlphabetJ
63%
Lettre Bien PlacéeO
62%
Lettre Bien PlacéeR
62%
Lettre de l'AlphabetX
60%
Lettre Bien PlacéeD
57%
Lettre Bien PlacéeD
57%
Département MystèreDordogne
57%
Lettre Bien PlacéeG
57%
Lettre de l'AlphabetK
57%
Lettre Bien PlacéeN
57%
Lettre Bien PlacéeO
57%
Lettre de l'AlphabetW
57%

Distribution des résultats

Percentile par nombre de réponses

% des personnes avec chaque résultat

Votre développement - résultats

Vous n’avez pas pris ce quiz